ბათუმის შოთა რუსთაველის სახელმწიფო უნივერსიტეტის ბიბლიოთეკა

Металлические конструкции(техническая эксплуатация). (ბიბ.ჩანაწერი № 42765)

000 -LEADER
fixed length control field 00724nam a2200205Ia 4500
001 - CONTROL NUMBER
control field 9471
003 - CONTROL NUMBER IDENTIFIER
control field GE_BSU
008 - FIXED-LENGTH DATA ELEMENTS--GENERAL INFORMATION
fixed length control field 181216s||||||||xx |||||||||||||| ||und||
040 ## - CATALOGING SOURCE
Transcribing agency GE_BSU
080 ## - UNIVERSAL DECIMAL CLASSIFICATION NUMBER
Universal Decimal Classification number 624.014
100 ## - MAIN ENTRY--PERSONAL NAME
Personal name Сахновский,М.М. Жемчужников,Г.В. Динельт и др.
245 ## - TITLE STATEMENT
Title Металлические конструкции(техническая эксплуатация).
245 ## - TITLE STATEMENT
Statement of responsibility, etc. Под общей ред. М.М.сахновского. ред.Т.Ю.Копачевская.
260 ## - PUBLICATION, DISTRIBUTION, ETC.
Place of publication, distribution, etc. Киев.
260 ## - PUBLICATION, DISTRIBUTION, ETC.
Name of publisher, distributor, etc. Будiвельник.
260 ## - PUBLICATION, DISTRIBUTION, ETC.
Date of publication, distribution, etc. 1976.
300 ## - PHYSICAL DESCRIPTION
Extent 256 стр. 22 см.
653 ## - INDEX TERM--UNCONTROLLED
Uncontrolled term Металлические конструкции.
942 ## - ADDED ENTRY ELEMENTS (KOHA)
Koha item type წიგნი
ეგზემპლარები
Withdrawn status Lost status Damaged status Not for loan Date acquired Barcode Date last seen Price effective from Koha item type
        2018-12-17 9977 2018-12-17 2018-12-17 წიგნი